Normal view
MARC view
- الرياضيات-دراسات هندسية
Entry Topical Term
001 - CONTROL NUMBER
- control field: 17040
003 - CONTROL NUMBER IDENTIFIER
- control field: JO-AjAnu
005 - DATE AND TIME OF LATEST TRANSACTION
- control field: 20230606073021.0
008 - FIXED-LENGTH DATA ELEMENTS
- fixed length control field: 230606|| aca||aabn | a|a d
040 ## - CATALOGING SOURCE
- Original cataloging agency: JO-AjAnu
- Transcribing agency: JO-AjAnu
150 ## - HEADING--TOPICAL TERM
- Topical term or geographic name entry element: الرياضيات-دراسات هندسية
670 ## - SOURCE DATA FOUND
- Source citation: Work cat.: (JO-AjAnu)8748: ابراهيم، عبدالمطلب/ م مشارك احمد عزت , author 17039, رياضيات متقدمة للدراسات الهندسية، ج2